| 000 | 00911cab a2200265 4500 | ||
|---|---|---|---|
| 001 | ABS51295 | ||
| 008 | 090401t1994 xxu||||| |||| 00| 0 eng d | ||
| 035 | _a(Sirsi) u20282 | ||
| 041 | _aeng | ||
| 100 | _aBarrick, A. | ||
| 245 | _aJust a few dollars more | ||
| 260 | _c1994 | ||
| 350 | _a0 | ||
| 490 |
_aBuilding _v259(7858) 2 September 1994, 16-18(2) |
||
| 520 | _aAnalyses the results of the latest "Building" salary survey of construction professionals which shows that four out of every five contractors will award rises this year to senior staff and more than half will take on new staff. | ||
| 650 | _aCONSTRUCTION INDUSTRY | ||
| 650 | _aCONSTRUCTION PROFESSIONALS | ||
| 650 | _aCOSNTRUCTION COMPANIES | ||
| 650 | _aEMPLOYMENT | ||
| 650 | _aSALARIES | ||
| 650 | _aSALARY SURVEYS | ||
| 690 | _aMANAGEMENT-BUSINESS MANAGEMENT-PROFESSIONAL PRACTICE | ||
| 942 | _n0 | ||
| 948 | _c04/03/1997 | ||
| 999 |
_c13589 _d13589 |
||